000 02775nam a2200409 i 4500
001 ebr10824149
003 CaPaEBR
006 m o d
007 cr cn|||||||||
008 120619s2013 njua obf 000 0 eng|d
020 _z9781617110795 (pbk. : alk. paper)
020 _a9781617119378 (e-book)
040 _aCaPaEBR
_beng
_erda
_epn
_cCaPaEBR
035 _a(OCoLC)868929128
050 1 4 _aRE725
_b.K55 2013eb
082 0 4 _a617.7
_223
100 1 _aKline, Lanning B.
245 1 0 _aNeuro-ophthalmology review manual /
_cLanning B. Kline, Rod Foroozan, Frank J. Bajandas.
250 _aSeventh edition.
264 1 _aThorofare, New Jersey :
_bSLACK,
_c2013.
264 4 _c�2013
300 _a1 online resource (292 pages) :
_billustrations
336 _atext
_2rdacontent
337 _acomputer
_2rdamedia
338 _aonline resource
_2rdacarrier
504 _aIncludes bibliographical references.
520 _a"More than 30 years ago, Neuro-Ophthalmology Review Manual, presented a unique and user-friendly approach to address clinical neuro-ophthalmology principles used in everyday practice. The new Seventh Edition continues that tradition, providing a timely update, while also maintaining the same goals of past editions. Dr. Lanning B. Kline and Dr. Rod Foroozan are joined by seven contributors on this Seventh Edition who have organized the book to be clinically oriented to patients with neuro-ophthalmic disorders. The inclusion of over 130 illustrations and 29 tables allows for a user-friendly format and quick access to valuable information. The Seventh Edition provides a timely and comprehensive update to the current information, effective exercises, and case studies, as well as the addition of a chapter on neuroimaging. Neuro-Ophthalmology Review Manual, Seventh Edition is a succinct text for all practitioners and residents in ophthalmology, neurology, and neurosurgery. A popular choice among colleagues for more than 30 years, this a must have resource in neuro-ophthalmology"--Provided by publisher.
588 _aDescription based on print version record.
590 _aElectronic reproduction. Palo Alto, Calif. : ebrary, 2014. Available via World Wide Web. Access may be limited to ebrary affiliated libraries.
650 0 _aNeuroophthalmology
_vHandbooks, manuals, etc.
655 0 _aElectronic books.
700 1 _aForoozan, Rod.
700 1 _aBajandas, Frank J.
776 0 8 _iPrint version:
_aKline, Lanning B.
_tNeuro-ophthalmology review manual.
_dThorofare, New Jersey : SLACK, 2013
_hxii, 275 pages
_z9781617110795
_w(DNLM)101586554
_w(DLC)10824149
797 2 _aebrary.
856 4 0 _uhttp://site.ebrary.com/lib/rucke/Doc?id=10824149
_zAn electronic book accessible through the World Wide Web; click to view
999 _c87334
_d87334